00160nam a22000737a 4500020001800000100001900018245001800037260003100055 a9781338314953 aGibson, Sabina aUnicorn Magic aNew YorkbScholasticc2018